The politics of combined and uneven development = La política de desarrollo desigual y combinado /
Bewaard in:
| Hoofdauteur: | |
|---|---|
| Formaat: | Onbekend |
| Taal: | English |
| Gepubliceerd in: |
Londres :
NLB,
1981.
|
| Onderwerpen: | |
| Tags: |
Voeg label toe
Geen labels, Wees de eerste die dit record labelt!
|
MARC
| LEADER | 000000000a22000000004500 | ||
|---|---|---|---|
| 001 | 013005 | ||
| 041 | 0 | |a eng | |
| 082 | 0 | 4 | |a 321.09 |b L922p |
| 100 | 1 | |a Lowy, Michael, |d 1938- | |
| 245 | 1 | 4 | |a The politics of combined and uneven development = |b La política de desarrollo desigual y combinado / |c Michael Lowy. |
| 246 | 3 | 1 | |a La política de desarrollo desigual y combinado |
| 260 | 1 | |a Londres : |b NLB, |c 1981. | |
| 300 | |a 242 páginas ; |c 23 cm. | ||
| 650 | 4 | |a TEORIA DE AL REVOLUCION PERMANENTE | |
| 650 | 4 | |a HISTORIA | |
| 650 | 4 | |a COMUNISMO | |
| 500 | |a Colección George Yúdice | ||
| 999 | |c 18949 |d 18949 | ||
| 942 | |c BK |h 321.09 L922p |2 z | ||
